| 000 | 01099nam a22002777a 4500 | ||
|---|---|---|---|
| 005 | 20101206113148.0 | ||
| 008 | 101206t xxu||||| |||| 00| 0 hin d | ||
| 010 | _aHIN-93238 | ||
| 020 |
_c170.00 _a8188913111 |
||
| 035 | _aHN-65584 | ||
| 037 | _bDBAD/PUB | ||
| 040 |
_aDPL _bHN |
||
| 082 | _a821 | ||
| 100 |
_924598 _aश्यामलाल 'शमी' |
||
| 245 |
_aहर डंगर संत होती है / _cश्यमालाल 'शमी' |
||
| 246 |
_ahar dagar sant hoti hai _bby Shyam Lal Shami |
||
| 260 |
_aदिल्ली _bग्रंथ सदन _c2011 |
||
| 270 |
_bदिल्ली _a27/109-ए/3, ज्वाला नगर _e110032 |
||
| 300 |
_a95पृ. _c22सेमी (सजिल्द) |
||
| 650 |
_91169 _aहिन्दी कविता |
||
| 650 |
_929580 _aHindi Poetry |
||
| 700 | _924599 | ||
| 700 | _924924 | ||
| 942 |
_2ddc _cHN _mश्यमाला _h821 |
||
| 999 |
_c53956 _d53956 |
||